00642nam a2200217 a 450000500170000000800410001701000170005802000320007502000260010703500170013303700140015004000180016408200100018210000190019224500670021126000260027827000400030430000310034450000330037570000160040820091212121016.0060711r20081994mnua j 000 1 eng  aB-384382-397 a9781595663054 (set)c110.00 a9781595663085c110.00 aB-384382-397 bBlueberry adplbEnglish  a599.5 aMorgan, Sally  aAnimal lives whales /cby Sally Morgan ; edited by Tom Jackson bQEB Publishing c2004 a23062 La Cadena Drive, Laguna Hills a32p. c26cm(pbk)bcol. ill aIncludes glossary and index  aTom Jackson